000 00700nam a2200193 a 4500
005 20150827020003.0
008 140217b2009 ck ||||| |||| 00| 0 spa d
040 _aCO-BoIAVH
_cCO-BoIAVH
041 _aspa
044 _ack
090 _aIAVH
_b01353
100 _aRamírez, Rosemberg Milsiades
_96237
245 _aEvaluación del efecto de cuatro niveles de poda en la sobrevivencia, el crecimiento y la producción de nuevas estructuras aéreas de la especie Cavendishia bracteata (Ruiz y Pabón ex Jaume Saint - Hilaire) Hoerold, Guasca, Cundinamarca
260 _aBogotá
_bIAVH
_c2009
300 _a58 p.
662 _cValle de Guasca
_bCundinamarca
942 _2z
_cINFORME
_01
945 _dLER
999 _c6969
_d6969